00726nam a2200241 a 4500001001300000003000900013005001700022008004100039020001000080082001900090100002100109245006900130260004200199300000800241500003500249505001100284650001600295700002100311902000800332942000700340952012000347999001700467nice12345678IN_TiNIC20260116013239.0050524s1985 dela grp 000 0 eng  ac35000a704.94897bPAR aParihar, Subhash aMuslim Inscriptions in the Punjabi, Haryana and Himachal Pradesh aDelhibInter-India Publicationsc1985 a79p aincludes index and biblioraphy2 aPlates aArt-Islamic1 aParihar, Subhash bSRS cBK 001040708StackRoom-aHMIbHMId2008-08-13g350.00l0o704.94897 PARp016296r2008-08-13v350.00w2005-05-24yBK c10249d10249